MARC details
| 000 -LEADER |
| fixed length control field |
01286cam a2200409 i 4500 |
| 001 - CONTROL NUMBER |
| control field |
200446185 |
| 003 - CONTROL NUMBER IDENTIFIER |
| control field |
TR-AnTOB |
| 005 - DATE AND TIME OF LATEST TRANSACTION |
| control field |
20220606095911.0 |
| 007 - PHYSICAL DESCRIPTION FIXED FIELD--GENERAL INFORMATION |
| fixed length control field |
ta |
| 008 - FIXED-LENGTH DATA ELEMENTS--GENERAL INFORMATION |
| fixed length control field |
710318s1983 fr a b i000 0 fre d |
| 020 ## - INTERNATIONAL STANDARD BOOK NUMBER |
| International Standard Book Number |
2249274134 (pbk.) |
|
| International Standard Book Number |
9782249274138 (pbk.) |
| 035 ## - SYSTEM CONTROL NUMBER |
| System control number |
(OCoLC)ocm14087544 |
|
| System control number |
(OCoLC)14087544 |
|
| System control number |
(PU)5910901-penndb-Voyager |
|
| System control number |
(TR-AnTOB)200446185 |
| 040 ## - CATALOGING SOURCE |
| Original cataloging agency |
SMI |
| Language of cataloging |
eng |
| Description conventions |
rda |
| Transcribing agency |
SMI |
| Modifying agency |
OCLCQ |
| -- |
TR-AnTOB |
| 041 0# - LANGUAGE CODE |
| Language code of text/sound track or separate title |
Fransızca |
| 050 #4 - LIBRARY OF CONGRESS CALL NUMBER |
| Classification number |
NK1087.6.T8 |
| Item number |
M38 1983 |
| 090 ## - LOCALLY ASSIGNED LC-TYPE CALL NUMBER (OCLC); LOCAL CALL NUMBER (RLIN) |
| Classification number (OCLC) (R) ; Classification number, CALL (RLIN) (NR) |
NK1087.6.T8 |
| Local cutter number (OCLC) ; Book number/undivided call number, CALL (RLIN) |
M38 1983 |
| 100 1# - MAIN ENTRY--PERSONAL NAME |
| Personal name |
Masmoudi, Mohamed |
| Relator term |
author |
| 9 (RLIN) |
135004 |
| 245 10 - TITLE STATEMENT |
| Title |
Tunisie / |
| Statement of responsibility, etc. |
Mohamed Masmoudi. |
| 246 3# - VARYING FORM OF TITLE |
| Title proper/short title |
Artisanat créateur en Tunisie |
| 264 #1 - PRODUCTION, PUBLICATION, DISTRIBUTION, MANUFACTURE, AND COPYRIGHT NOTICE |
| Place of production, publication, distribution, manufacture |
Paris, France : |
| Name of producer, publisher, distributor, manufacturer |
Agence de coopération culturelle et technique, |
| Date of production, publication, distribution, manufacture, or copyright notice |
c1983. |
| 300 ## - PHYSICAL DESCRIPTION |
| Extent |
96 pages : |
| Other physical details |
illustrations (some color) ; |
| Dimensions |
27 cm |
| 336 ## - CONTENT TYPE |
| Content type term |
text |
| Content type code |
txt |
| Source |
rdacontent |
| 337 ## - MEDIA TYPE |
| Media type term |
unmediated |
| Media type code |
n |
| Source |
rdamedia |
| 338 ## - CARRIER TYPE |
| Carrier type term |
volume |
| Carrier type code |
nc |
| Source |
rdacarrier |
| 490 0# - SERIES STATEMENT |
| Series statement |
L'Artisanat créateur, |
| International Standard Serial Number |
0150-7524 |
| 500 ## - GENERAL NOTE |
| General note |
Cover title: L'Artisanat créateur en Tunisie. |
| 504 ## - BIBLIOGRAPHY, ETC. NOTE |
| Bibliography, etc. note |
Includes bibliographical references. |
| 650 #0 - SUBJECT ADDED ENTRY--TOPICAL TERM |
| Topical term or geographic name entry element |
Decorative arts |
| Geographic subdivision |
Tunisia |
| 9 (RLIN) |
135005 |
|
| Topical term or geographic name entry element |
Handicraft |
| Geographic subdivision |
Tunisia |
| 9 (RLIN) |
135006 |
| 942 ## - ADDED ENTRY ELEMENTS (KOHA) |
| Source of classification or shelving scheme |
Library of Congress Classification |
| Koha item type |
Book |